Adatok Szarvkő várának bevételei és kiadásai 1448-ból /

Elmentve itt :
Bibliográfiai részletek
Szerző: Tagányi Károly
Dokumentumtípus: Cikk
Megjelent: 1895
Sorozat:Magyar gazdaságtörténelmi szemle 2
Kulcsszavak:Közgazdaságtudomány, Gazdaságtörténet
Online Access:http://misc.bibl.u-szeged.hu/91
LEADER 00626nab a2200169 i 4500
001 misc91
005 20191106144305.0
008 170607s1895 hu o 0|| hun d
040 |a SZTE Miscellanea Repozitórium  |b hun 
041 |a hun 
100 1 |a Tagányi Károly 
245 1 0 |a Adatok   |h [elektronikus dokumentum] :  |b Szarvkő várának bevételei és kiadásai 1448-ból /  |c  Tagányi Károly 
260 |c 1895 
300 |a 211-215 
490 0 |a Magyar gazdaságtörténelmi szemle  |v 2 
695 |a Közgazdaságtudomány, Gazdaságtörténet 
856 4 0 |u http://misc.bibl.u-szeged.hu/91/1/gazd_tort_szeml_1895_211-215.pdf  |z Dokumentum-elérés